| 000 | 00771nam a2200241Ia 4500 | ||
|---|---|---|---|
| 003 | OSt | ||
| 005 | 20220926030221.0 | ||
| 006 | a|||||r|||| 00| 0 | ||
| 007 | ta | ||
| 008 | 220923b |||||||| |||| 00| 0 eng d | ||
| 037 | _cGeneral Book | ||
| 040 |
_aRTL _cRTL _beng |
||
| 041 |
_2eng _aeng |
||
| 082 | _aX:89K33.73.N7, L3 | ||
| 100 |
_aGold Seymour M _9321092 |
||
| 245 | 0 | _aUrban recreation planning | |
| 260 |
_aPhiladelphia _bLea & Febiger _c1973 |
||
| 300 |
_ax, 333p. Bibliography P 323-33, Appendix P 263-316, Glossary P 317-22 _ccm. |
||
| 490 | _aHealth education, physical education and recreation series | ||
| 650 | _aRegional Economics | ||
| 942 |
_hX:89K33.73.N7, L3 _cGB _2CC |
||
| 999 |
_c649003 _d649003 |
||